Forensic Psychology / Crime, Justice, Law, Interventions (Record no. 9685)
[ view plain ]
| 000 -LEADER | |
|---|---|
| fixed length control field | 01654cam a22002294a 4500 |
| 005 - ΗΜΕΡΟΜΗΝΙΑ ΚΑΙ ΩΡΑ ΤΕΛΕΥΤΑΙΑΣ ΕΝΗΜΕΡΩΣΗΣ | |
| Πεδίο ελέγχου | 20250605164406.0 |
| 008 - FIXED-LENGTH DATA ELEMENTS--GENERAL INFORMATION | |
| Πεδίο ελέγχου σταθερού μήκους | 250528s ||||||||||||||||||||||||d |
| 035 ## - SYSTEM CONTROL NUMBER | |
| System control number | 24846 |
| 020 ## - ISBN | |
| ISBN | 9781119106678 |
| 040 ## - ΠΗΓΗ ΚΑΤΑΛΟΓΟΓΡΑΦΗΣΗΣ | |
| Φορέας πρωτότυπης καταλογογράφησης | MC Athens Campus Library |
| Γλώσσα καταλογογράφησης | Ελληνικά, Μοντέρνα (1453-) |
| Modifying agency | MC Athens Campus Library |
| Κανόνες περιγραφικής καταλογογράφησης | AACR2 |
| 245 1# - ΤΙΤΛΟΣ ΚΑΙ ΔΗΛΩΣΗ ΥΠΕΥΘΥΝΟΤΗΤΑΣ | |
| Τίτλος | Forensic Psychology / Crime, Justice, Law, Interventions |
| 250 ## - EDITION STATEMENT | |
| Edition statement | 3rd |
| 260 ## - PUBLICATION, DISTRIBUTION, ETC. | |
| Date of publication, distribution, etc. | 2018 |
| 300 ## - PHYSICAL DESCRIPTION | |
| Extent | 720 |
| 520 ## - SUMMARY, ETC. | |
| Summary, etc. | This book highlights the often sizeable gap between media myths surrounding forensic practice and reality. Preface, Introduction, The Causes of Crime, Psychological Approaches to Understanding Crime, Developmental and Psychological Theories of Offending, Psychopathy, Understanding Risk Factors for Offending: The Contributors of Neuroscience, Effects of Interpersonal Crime on Victims, Investigating Crime, Eyewitness Witnesses, Interviewing Suspects, Detecting Deception, Offender Profiling and Crime Linkage, Interpersonal Violence and Stalking, Terrorism, The Trial Process, Judicial Processes, Safeguarding Vulnerable Witnesses, Identifying Perpetrators, The Role of the Expert Witness, Dealing with Offenders, Crime and Punishment: What Works?, Risk Assessment and General Offender Behaviour Programme Delivery, Treating Dangerous Offenders, Interventions with Female Offenders, Interventions for Offenders with Intellectual Disabilities, Interventions with Mentally Disordered Offenders, The Rehabilitation of Offenders: Good Lives and Risk Reduction, Glossary, Index. |
| 700 1# - ΠΡΟΣΘΕΤΗ ΑΝΑΓΡΑΦΗ--ΦΥΣΙΚΟ ΠΡΟΣΩΠΟ | |
| Personal name | Beech Anthony |
| 9 (RLIN) | 8750 |
| 700 1# - ΠΡΟΣΘΕΤΗ ΑΝΑΓΡΑΦΗ--ΦΥΣΙΚΟ ΠΡΟΣΩΠΟ | |
| Personal name | Davies Graham |
| 9 (RLIN) | 8751 |
| 710 2# - ΠΡΟΣΘΕΤΗ ΑΝΑΓΡΑΦΗ--ΣΥΛΛΟΓΙΚΟ ΟΡΓΑΝΟ | |
| Corporate name or jurisdiction name as entry element | The British Psychological Society |
| 9 (RLIN) | 9823 |
| 942 ## - ADDED ENTRY ELEMENTS (KOHA) | |
| Koha item type | Books |
| Τύπος τεκμηρίου | Βιβλιοθήκη | Τρέχουσα τοποθεσία | Barcode | Αριθμός εισαγωγής | Ημερομηνία απόκτησης | Ταξιθετικό σύμβολο | Αριθμός αντιτύπου | Κατάσταση απόσυρσης | Κατάσταση χαμένου | Κατάσταση κατεστραμμένου | Μη δανεισμός | Σύνολο δανεισμών | Ημερομηνία τελευταίας εμφάνισης | Η τιμή ισχύει από |
|---|---|---|---|---|---|---|---|---|---|---|---|---|---|---|
| Books | MC Athens Campus Library | MC Athens Campus Library | 9780000096845 | 7785 | 05/06/2025 | 340.6 DAV | 1 | 05/06/2025 | 05/06/2025 |